[Event "SVK ECo-C Extraliga 2021-22"]
[Site "Slovakia"]
[Date "2022.03.13"]
[Round "6.2"]
[White "Neugebauer, Martin"]
[Black "Haring, Filip"]
[Result "1-0"]
[WhiteElo "2502"]
[BlackElo "2425"]
[Annotator "TA"]
[PlyCount "85"]
[EventDate "2021.10.21"]
[EventType "team-tourn"]
[EventCountry "SVK"]
[SourceTitle "playchess.com"]
[Source "ChessBase"]
[SourceQuality "1"]

{[%evp 9,85,2,22,-3,26,-10,-14,-17,-1,-8,12,17,32,18,35,21,20,10,23,9,50,46,44,47,52,65,91,21,27,6,68,11,56,31,94,88,83,47,79,97,59,40,103,97,131,99,155,135,149,10,0,8,137,0,0,0,0,0,0,-60,83,96,606,616,853,856,847,843,1338,1297,4928,5120,29987,29987,29990,29991,29991,29983]} 1. e4 c5 2. Nf3 e6 3. b3 b6 4. Bb2 Bb7 5. Nc3 Nc6 6. g3 {B40: Sicilian: 2...e6, Unusual lines.} Be7 {[#]} 7. Nb5 $146 ({Predecessor:} 7. Bg2 Bf6 8. O-O d6 9. Ne1 Nge7 10. f4 O-O 11. e5 dxe5 12. Ne4 Ng6 13. Nxf6+ Qxf6 {0-1 (52) Le,Q (2472)-Ivanchuk,V (2758) Jurmala 2013}) 7... Nf6 8. e5 {The position is equal.} Ng4 9. Bg2 Qb8 {[%cal Rg4e5]} 10. O-O a6 11. Nd6+ Bxd6 12. exd6 Nf6 13. d4 {[%cal Od4d5] Black must now prevent d5!} Qxd6 14. dxc5 Qxc5 {[#]} (14... Qxd1 $11 15. Raxd1 (15. Rfxd1 bxc5 16. Ne5 Na5 $11) 15... bxc5) 15. Ne5 $1 $14 Nxe5 (15... O-O 16. Nxd7) 16. Bxb7 Ra7 17. Bg2 {[%mdl 1024] White has compensation.} Nc6 18. c4 (18. a4 $16) 18... O-O $11 19. Qd2 b5 (19... Rc8 $11) 20. Rac1 (20. cxb5 $14 axb5 21. a4) 20... b4 (20... Qe7 $11) 21. Rfd1 {Threatens to win with Bxc6.} (21. Bxc6 $5 dxc6 22. Bd4 $14) 21... e5 (21... Qe7 $14) 22. Qd6 $1 $16 Qa5 23. a3 bxa3 24. Bxa3 {[%csl Ga3][%cal Rd6f8]} Re8 25. Bc5 Raa8 {[#]} ({Black should play} 25... Rb7 $14) 26. b4 $1 Qa4 27. Qd2 {Strongly threatening Ra1.} e4 (27... Rac8 $142) 28. Qc3 {And now Ra1 would win.} Ne5 {[#]} 29. Ra1 (29. Bd4 $1 $16 {[%cal Rd4e5]} d6 30. c5) 29... Qc6 $11 {[%cal Oa6a5]} 30. Rd6 $36 {[%mdl 2048] White fights for an advantage.} Qb7 (30... Qc8 $11 {remains equal.}) 31. Rb6 (31. Bd4 $16 Nf3+ 32. Bxf3 exf3 33. Bxf6 gxf6 34. Rxf6 (34. Qxf6 Qxb4 35. Rdd1 Qxc4 $14)) 31... Qc8 {[%cal Oa6a5]} 32. Rxf6 {[%mdl 64] Remove Defender} gxf6 33. Bxe4 a5 $1 {...axb4 is the strong threat.} 34. Qc2 (34. Bxa8 Qxa8 35. f4 (35. bxa5 Nf3+ 36. Kf1 Nxh2+ 37. Kg1 Re5 $17) 35... Nf3+ 36. Kf2 Nxh2 $17) (34. Qd4 $11) 34... Rb8 (34... Ra6 $15 {stays ahead.} 35. Bd5 (35. Bxh7+ Kg7 $17) 35... axb4 36. Rxa6 Qxa6 37. Bxb4 Qa1+ 38. Kg2 Qd4) 35. Rxa5 $16 {White is more active.} ({Wrong is} 35. Bxh7+ $2 Kg7 36. Be4 (36. Rxa5 $2 Nf3+ 37. Kh1 Re1+ 38. Kg2 Qc6 $19) 36... axb4 $19) 35... f5 $2 {[%mdl 8192] This move loses the game for Black.} (35... Re6 $16) 36. Bd5 $18 f4 37. Bd6 {This bishop pair is nice.} Ng6 38. Qf5 Re6 39. Bxb8 Re1+ 40. Kg2 Qf8 {[#]} 41. Bd6 $1 {White mates.} Nh4+ (41... Re7 42. Qf6) 42. gxh4 Qg7+ 43. Qg5 {Weighted Error Value: White=0.26 (precise) /Black=0.69} 1-0

[Event "SVK ECo-C Extraliga 2021-22"]
[Site "Slovakia"]
[Date "2022.03.13"]
[Round "6.2"]
[White "Kraus, Tomas"]
[Black "Kostolansky, Sebastian Lukas"]
[Result "1/2-1/2"]
[WhiteElo "2477"]
[BlackElo "2395"]
[Annotator "TA"]
[PlyCount "80"]
[EventDate "2021.10.21"]
[EventType "team-tourn"]
[EventCountry "SVK"]
[SourceTitle "playchess.com"]
[Source "ChessBase"]
[SourceQuality "1"]

{[%evp 23,80,0,0,0,12,0,32,29,28,0,45,34,44,44,44,32,31,33,44,50,53,33,67,48,43,41,59,57,71,39,37,0,0,0,0,-32,-26,-44,-37,-47,-61,-156,-109,-109,-6,-11,15,14,16,24,24,23,29,24,14,16,17,16,27]} 1. e4 c5 2. Nf3 {[%cal Bg1f3,Bf3d4,Bd4b5][%mdl 32]} e6 3. d4 cxd4 4. Nxd4 Nc6 5. Nb5 d6 6. c4 Nf6 7. N5c3 Be7 8. Be2 O-O 9. O-O b6 10. Bf4 Bb7 11. Re1 Rc8 12. Bf1 a6 13. Nd2 {B44: Sicilian: Taimanov: 5 Nb5.} Ne5 14. Rc1 Qc7 15. a3 {White is slightly better.} Qb8 16. b4 Bd8 (16... Rc7 $11) 17. Bg3 $14 Bc7 {[#]} 18. f4 $146 ({Predecessor:} 18. Nb3 Rfd8 19. Qe2 Ng6 20. Nd4 Qa8 21. Nb3 Bb8 22. Rcd1 d5 23. exd5 exd5 24. Na4 {1-0 (41) Boros,D (2463)-Balazs,G (2313) Budapest 2008}) 18... Ng6 19. Bd3 Rfd8 20. Qe2 Rd7 21. Kh1 Rcd8 22. Rcd1 (22. f5 {keeps more tension.} exf5 23. exf5 Re8 24. Nde4 Bxe4 25. Nxe4 Nxe4 26. Bxe4 d5 27. fxg6 Rxe4 28. gxh7+ Kh8 29. Qd3) 22... Qa8 23. Rf1 d5 24. cxd5 exd5 25. e5 Ne4 26. Ndxe4 ({Don't play} 26. Ncxe4 $6 dxe4 27. Bc4 e3 $11) (26. Rc1 $5 {[%cal Rd2e4]}) 26... dxe4 27. Bc4 {Rxd7 is the strong threat.} (27. Bc2 $5 {[%cal Rd1d7]}) 27... Rxd1 28. Rxd1 {aiming for b5.} b5 29. Bb3 (29. Ba2 $5 {[%cal Re5e6]}) 29... Rd3 $1 30. Rxd3 exd3 31. Qa2 Kf8 {White must now prevent ...Bb6.} 32. Kg1 ({White should try} 32. Qf2 $1 $15 Bb8 33. f5) 32... Qd8 (32... Bb6+ $142 33. Bf2 Qc8) 33. Bd5 $17 Bb6+ (33... Bxd5 $1 $17 34. Qxd5 (34. Nxd5 Qd7 $17) 34... Qxd5 35. Nxd5 d2 $1) 34. Kf1 $1 $11 {[%cal Bg1f1,Bf1e1,Be1d2][%mdl 32]} Qc8 35. Qd2 Bxd5 36. Nxd5 Qc2 37. Ke1 ({Don't go for} 37. Be1 $2 Bd4 38. Ne3 Bxe3 39. Qxe3 {[#]} Nxf4 $1 $19 {[%mdl 512]}) 37... Qb1+ 38. Qd1 d2+ $1 39. Kxd2 Qa2+ 40. Ke1 Qxg2 {Weighted Error Value: White=0.12 (very precise) /Black=0.16 (very precise)} 1/2-1/2

[Event "SVK ECo-C Extraliga 2021-22"]
[Site "Slovakia"]
[Date "2022.03.13"]
[Round "6.2"]
[White "Sahidi, Samir"]
[Black "Nemeth, Miklos"]
[Result "1-0"]
[WhiteElo "2432"]
[BlackElo "2449"]
[Annotator "TA"]
[PlyCount "123"]
[EventDate "2021.10.21"]
[EventType "team-tourn"]
[EventCountry "SVK"]
[SourceTitle "playchess.com"]
[Source "ChessBase"]
[SourceQuality "1"]

{[%evp 12,123,17,8,27,25,42,45,44,46,34,37,37,39,58,53,80,39,94,103,103,92,92,73,91,17,78,72,97,102,126,107,126,121,145,160,173,147,227,144,149,152,220,206,220,207,230,202,410,403,681,242,238,135,226,194,197,191,226,181,174,153,172,122,110,118,187,172,209,190,201,212,203,226,226,204,289,283,268,278,387,372,333,194,416,155,261,269,261,217,313,179,348,356,315,300,271,164,212,224,225,216,433,387,503,545,603,602,575,551,605,605,580,580]} 1. d4 Nf6 2. c4 e6 3. Nf3 b6 4. g3 Bb7 5. Bg2 Be7 6. O-O O-O 7. Nc3 Bb4 {E18: Queen's Indian: Old Main Line (4 g3 Bb7 5 Bg2 Be7 6 0-0 0-0 7 Nc3).} 8. Qc2 h6 {[#] Inhibits Bg5.} 9. b3 $146 ({Predecessor:} 9. Bd2 Bxc3 10. Bxc3 Be4 11. Qd2 d6 12. b4 Qe7 13. a4 Nbd7 14. e3 c6 15. Rfc1 {0-1 (88) Sorbi,L (1904)-Vasquez,F (2039) FICGS email 2014}) 9... a5 {White is slightly better.} 10. Rd1 Re8 11. Bb2 Bxc3 12. Qxc3 a4 13. b4 Be4 14. Rac1 (14. Bf1 $16) 14... d6 ({Black should play} 14... a3 $14 15. Bxa3 d5) 15. Bf1 $16 c6 16. Nd2 Bg6 17. f3 d5 18. Ba3 (18. a3 $16) 18... Qd7 (18... Nbd7 $11) 19. e3 Na6 20. b5 Nb8 21. Qb2 Qb7 22. Kf2 Nfd7 23. Bd6 c5 24. Nb1 Bxb1 (24... a3 $16 25. Qd2 (25. Nxa3 Rc8 $16) 25... Rd8) 25. Rxb1 a3 26. Qd2 dxc4 (26... cxd4 $16 27. Qxd4 (27. exd4 dxc4 28. Bxc4 Nf6 $14) 27... dxc4) 27. dxc5 $1 $18 (27. Bxc4 $6 cxd4 28. Qxd4 Rc8 $16) 27... Nxc5 28. Bxc5 ({Don't take} 28. Bxc4 $6 Nbd7 $16) 28... bxc5 29. Bxc4 Re7 $2 (29... Qe7 30. Qd3 g6) 30. Qd6 Kf8 (30... Rd7 $142) 31. Qxc5 $2 (31. b6) 31... Nd7 32. Qc6 (32. Qb4 $18) 32... Nb6 (32... Qxc6 $16 33. bxc6 Ne5) 33. Qxb7 Rxb7 34. Be2 Nd5 35. Rb3 {Inhibits Nc3.} Rc7 36. e4 Nc3 37. Rd2 (37. Rd6 $18 {Strongly threatening b6.} Nxe2 38. Kxe2) 37... Nxe2 $16 38. Kxe2 {[%mdl 4096] Endgame KRR-KRR} Ke7 {[#]} (38... Rb8 $16 39. b6 Rc1) 39. Ke3 $1 $18 Rb7 40. Rd4 Ra5 41. Rdb4 Kd6 42. Kd4 e5+ 43. Kc3 f6 (43... h5 $142 44. Rb1 Ke6) 44. Rb1 Ke6 45. b6 Ra6 46. Kc4 {Black must now prevent Kc5.} Kd6 47. Rb5 (47. f4 $142) 47... Ra4+ $2 (47... g5 48. h3 Kc6) 48. Kc3 $2 (48. R1b4 $18 {is the precise move to win.} Rxb4+ 49. Kxb4) 48... Kc6 (48... g5 $16 {is a better defense.} 49. Rd5+ Ke6) 49. R5b4 Ra6 {[#]} (49... Rxb4 50. Rxb4 Rd7 51. b7 Rxb7 52. Rxb7 Kxb7 53. Kb4) 50. h4 ({Less strong is} 50. Rc4+ Kd6 $16) 50... h5 (50... g5 {might work better.} 51. h5 Kd6) 51. Rd1 ({Not} 51. Rc4+ Kd6 $16) (51. Rb5 $142) 51... Rbxb6 $2 (51... Ra5 52. Rd8 Rc5+ 53. Kb3 Ra5 54. Rc8+ Kd6) 52. Rc4+ Kb7 53. Rd7+ Kb8 54. Rb4 {Prevents Rb2.} Rxb4 (54... g5 {was worth a try.} 55. Rh7 Kc8 56. Rxh5 Rc6+ 57. Rc4 gxh4) 55. Kxb4 {KR-KR} Rb6+ 56. Kxa3 Ra6+ $2 (56... g6 57. Rg7 f5) 57. Kb3 Rb6+ 58. Kc4 {White is clearly winning.} g5 59. hxg5 fxg5 60. Rh7 g4 61. fxg4 hxg4 62. Kd5 {Inhibits Rc6.  Weighted Error Value: White=0.30/Black=0.48} 1-0

[Event "SVK ECo-C Extraliga 2021-22"]
[Site "Slovakia"]
[Date "2022.03.13"]
[Round "6.2"]
[White "Piesik, Piotr"]
[Black "Balogh, Csaba"]
[Result "1/2-1/2"]
[WhiteElo "2418"]
[BlackElo "2578"]
[Annotator "TA"]
[PlyCount "28"]
[EventDate "2021.10.21"]
[EventType "team-tourn"]
[EventCountry "SVK"]
[SourceTitle "playchess.com"]
[Source "ChessBase"]
[SourceQuality "1"]

{[%evp 14,28,22,7,0,14,23,0,0,0,12,11,17,15,56,15,72]} 1. e4 c5 2. Nf3 e6 3. c3 d5 4. exd5 Qxd5 5. d4 Nf6 6. Be2 Nc6 7. O-O Be7 8. dxc5 (8. c4 $5 {[%cal Rc4d5]} Qf5 9. Nc3 cxd4 10. Nxd4 Nxd4 11. Qxd4 $11) 8... Qxc5 {B22: Sicilian: 2 c3.} 9. Nbd2 O-O 10. Nb3 Qb6 {[#]} 11. Bf4 $146 ({Predecessor:} 11. Be3 Qc7 12. Qc2 Nb4 13. Qc1 Nbd5 14. Bg5 h6 15. Bh4 Nf4 16. Re1 b6 17. Bg3 {0-1 (26) Pryimachenko,V-Musienko,O Kiev 2003}) 11... Rd8 12. Qc2 Bd7 13. a4 {[#] Threatens to win with a5.} a5 (13... Na5 $11 14. Nxa5 Qxa5) 14. Nfd2 (14. Nbd2 $14 {might be stronger.}) 14... Nd5 {Weighted Error Value: White=0.11 (very precise) /Black=0.11 (very precise)} (14... e5 $11 {keeps the balance.} 15. Be3 Qc7) 1/2-1/2

[Event "SVK ECo-C Extraliga 2021-22"]
[Site "Slovakia"]
[Date "2022.03.13"]
[Round "6.3"]
[White "Kozak, Adam"]
[Black "Roubalik, Jakub"]
[Result "1-0"]
[WhiteElo "2525"]
[BlackElo "2389"]
[Annotator "TA"]
[PlyCount "51"]
[EventDate "2021.10.21"]
[EventType "team-tourn"]
[EventCountry "SVK"]
[SourceTitle "playchess.com"]
[Source "ChessBase"]
[SourceQuality "1"]

{[%evp 15,51,0,0,-8,21,16,23,16,69,29,34,28,41,30,27,37,64,35,123,82,120,119,122,112,116,115,201,181,242,227,289,291,510,510,505,501,491,460]} 1. Nf3 Nf6 2. c4 e6 3. Nc3 d5 4. d4 Be7 5. Bf4 O-O 6. e3 Nbd7 7. Qc2 c5 8. dxc5 Nxc5 9. Be2 {D37: Queen's Gambit Declined: 5 Bf4.} a6 10. cxd5 exd5 11. O-O {White has an edge.} Bg4 {[#]} (11... b5 $11) 12. Rfd1 $146 ({Predecessor:} 12. Nd4 Ne6 13. Be5 Bxe2 14. Qxe2 Nd7 15. Bg3 Nxd4 16. exd4 Nf6 17. Qf3 Bb4 18. Bh4 Bxc3 19. bxc3 {½-½ (32) Parker,J (2370)-Hunt,H (2135) Dundee 1993}) 12... Rc8 13. h3 Bh5 14. Ne5 {[%cal Oc3d5]} Bxe2 15. Qxe2 Ne6 16. Bg3 {White is much more active.} (16. Qf3 $5 {[%cal Rc3d5]}) 16... Qa5 (16... Bd6 $14) 17. Bh4 ({White should try} 17. Ng4) 17... Rfd8 {[#]} 18. Ng4 $1 g5 {[#]} 19. Bg3 {[%cal Bh4g3,Bg3e5,Be5f6][%mdl 32] Threatens to win with Qf3.} Nxg4 20. Qxg4 d4 (20... Ba3 $16) 21. exd4 $18 {Hoping for d5.} Rc4 (21... Ng7 $142 22. Re1 f5) 22. Be5 Qb4 {[%cal Re6d4]} 23. Ne4 Nxd4 $2 (23... Rcxd4 {was necessary.} 24. Bxd4 Rxd4) 24. Nf6+ {White is clearly winning.} Bxf6 25. Bxf6 Rd5 26. b3 {Weighted Error Value: White=0.10 (very precise) /Black=0.48} ({Stronger than} 26. Rxd4 Rcxd4 27. Bxd4 Qxd4 $11) 1-0

[Event "SVK ECo-C Extraliga 2021-22"]
[Site "Slovakia"]
[Date "2022.03.13"]
[Round "6.3"]
[White "Bagi, Mate"]
[Black "Sipos, Istvan"]
[Result "1/2-1/2"]
[WhiteElo "2474"]
[BlackElo "2476"]
[Annotator "TA"]
[PlyCount "31"]
[EventDate "2021.10.21"]
[EventType "team-tourn"]
[EventCountry "SVK"]
[SourceTitle "playchess.com"]
[Source "ChessBase"]
[SourceQuality "1"]

{[%evp 13,18,12,24,20,33,25,29]} 1. Nf3 d5 2. g3 g6 3. Bg2 Bg7 4. d4 Nf6 5. O-O O-O 6. c4 c6 7. Qb3 a5 8. cxd5 {D78: Fianchetto Grünfeld: 6 0-0 c6.} a4 9. Qd1 cxd5 {[#] A rather calm draw.} {Predecessor:} 10. Nc3 $146 Qa5 11. Bd2 Nc6 12. e3 Qa6 13. b3 axb3 14. Qxb3 Na5 15. Qb4 Nc6 16. Qb2 {1-0 (43) Vidit,S (2727)-Dubov,D (2720) Berlin 2022} 1/2-1/2

[Event "SVK ECo-C Extraliga 2021-22"]
[Site "Slovakia"]
[Date "2022.03.13"]
[Round "6.3"]
[White "Malinovsky, Karel"]
[Black "Horvath, Jozsef"]
[Result "1-0"]
[WhiteElo "2473"]
[BlackElo "2426"]
[Annotator "TA"]
[PlyCount "55"]
[EventDate "2021.10.21"]
[EventType "team-tourn"]
[EventCountry "SVK"]
[SourceTitle "playchess.com"]
[Source "ChessBase"]
[SourceQuality "1"]

{[%evp 15,55,39,50,18,22,25,31,37,45,42,35,0,20,5,7,0,18,19,12,6,14,22,15,5,18,11,34,40,55,45,56,44,66,50,68,50,70,56,61,40,26,41]} 1. e4 d6 2. d4 Nf6 3. Nc3 e5 4. dxe5 dxe5 5. Qxd8+ Kxd8 6. Bc4 Ke8 7. Nf3 Bd6 8. Bg5 {[%cal Bc1g5,Bg5h4,Bh4g3][%mdl 32]} Nbd7 {8...c6 is more advanced technology.} 9. O-O-O {B07: Pirc Defence: Miscellaneous Systems.} a6 10. a4 h6 11. Bh4 {White is slightly better.} b6 12. Rhe1 Bb7 13. Bg3 {[#]} Kf8 $146 ({Predecessor:} 13... Ke7 14. Kb1 Rhe8 15. Nd2 Kf8 16. f3 Bc6 17. Bd5 Bxd5 18. exd5 Rad8 19. Nde4 Nh5 20. Nxd6 cxd6 {0-1 (60) Soreghy,J (1758)-Orsolic,M (2118) LSS email 2011}) 14. Nd5 Re8 15. c3 Nxd5 16. Bxd5 ({Much weaker is} 16. exd5 f5 17. h3 f4 $15) 16... Bxd5 17. Rxd5 Re6 18. Kc2 Ke7 19. Rdd1 Rb8 20. Nd2 c6 21. f3 g6 22. Ra1 Bc7 23. Bf2 {[%cal Oa4a5]} h5 24. b4 Kd8 25. h3 Kc8 26. g4 {White is more active.} Kb7 27. gxh5 gxh5 28. Rg1 {Prevents Rg8.  Weighted Error Value: White=0.11 (very precise) /Black=0.09 (flawless)} 1-0

[Event "SVK ECo-C Extraliga 2021-22"]
[Site "Slovakia"]
[Date "2022.03.13"]
[Round "6.3"]
[White "Berezjuk, Sergej"]
[Black "Zwardon, Vojtech"]
[Result "0-1"]
[WhiteElo "2395"]
[BlackElo "2468"]
[Annotator "TA"]
[PlyCount "60"]
[EventDate "2021.10.21"]
[EventType "team-tourn"]
[EventCountry "SVK"]
[SourceTitle "playchess.com"]
[Source "ChessBase"]
[SourceQuality "1"]

{[%evp 9,60,0,13,4,40,27,33,39,45,39,54,64,43,47,47,77,57,54,104,0,0,-57,-38,-68,-75,-150,-159,-220,-216,-196,-194,-195,-197,-262,-195,-200,-144,-128,-121,-461,-441,-2499,-2321,-29981,-29982,-29982,-29983,-29990,-12839,-12839,-12839,-12839,-5654]} 1. d4 Nf6 2. Nf3 e6 3. Bf4 b6 4. e3 {[%cal Be2e3,Be3e4][%mdl 32]} Bb7 5. Nbd2 h6 6. h3 {A47: 1 d4 Nf6 2 Nf3 b6: Torre, London and Colle Systems.} g5 7. Bh2 Rg8 8. Bd3 {White is slightly better.} h5 9. e4 {[#]} g4 $146 ({Predecessor:} 9... d6 10. Qe2 g4 11. Ng1 d5 12. e5 Nfd7 13. hxg4 hxg4 14. Bg3 c5 15. Bh7 Rg7 {0-1 (42) Sabirov,A (2132)-Papin,V (2475) Tashkent 2018}) 10. hxg4 hxg4 11. Ne5 d6 12. Nec4 ({But not} 12. Bb5+ $2 c6 13. Be2 dxe5 $19) 12... d5 13. exd5 Qxd5 (13... Nxd5 $14 14. Qe2 Nd7) 14. Be5 ({White should play} 14. Bxc7 $16 {Threatens to win with Ne3.} Nbd7 15. Bg3) 14... Qxg2 $11 15. Rf1 ({Better is} 15. Rh2 $11 Qg1+ 16. Ke2 Qxd1+ 17. Rxd1) 15... Nbd7 $15 {[%cal Og4g3]} 16. Qe2 O-O-O $1 {White must now prevent ...Bh6.} ({Reject} 16... Nxe5 17. Qxe5 Nd7 18. Qxc7 $11) 17. Ne3 (17. O-O-O $142) 17... Qh3 $17 {Black is more active.} 18. Ba6 (18. O-O-O $17) 18... Nxe5 $19 19. dxe5 {aiming for Bxb7+.} Nd5 20. O-O-O {[#]} Nxe3 $1 21. fxe3 (21. Bxb7+ $142 Kxb7 22. fxe3) 21... Bc5 {Hoping for ...Bxa6.} 22. Rde1 Bxa6 23. Qxa6+ Kb8 {[%cal Bc8b8,Bb8c7,Bc7c6][%mdl 32]} 24. Nc4 {[%mdl 8192] White does not recover from this.} (24. Ne4 $17 {nothing else works.}) 24... g3 {And now ...g2 would win.} 25. Rxf7 (25. Nd6 $142 Bxd6 26. exd6 Rxd6 27. Rh1) 25... g2 26. Rxc7 Kxc7 27. Qxa7+ Kc6 28. Qa6 {[#]} Qxe3+ $3 {[%mdl 512]} 29. Nxe3 Bxe3+ 30. Kb1 g1=Q {Weighted Error Value: White=0.94/Black=0.30} 0-1

[Event "SVK ECo-C Extraliga 2021-22"]
[Site "Slovakia"]
[Date "2022.03.13"]
[Round "6.3"]
[White "Mikrut, Dariusz"]
[Black "Mrva, Martin"]
[Result "0-1"]
[WhiteElo "2373"]
[BlackElo "2383"]
[Annotator "TA"]
[PlyCount "116"]
[EventDate "2021.10.21"]
[EventType "team-tourn"]
[EventCountry "SVK"]
[SourceTitle "playchess.com"]
[Source "ChessBase"]
[SourceQuality "1"]

{[%evp 15,116,34,29,26,47,45,41,15,20,27,21,0,0,0,0,-12,-18,-14,18,0,1,0,0,-25,0,0,0,0,0,0,0,-75,120,0,0,0,6,0,6,7,13,37,19,10,14,0,0,0,0,-4,-12,-27,-27,-27,-24,-33,-33,-33,-33,-45,-50,-168,-10,-39,0,0,0,0,0,0,0,0,0,0,0,-15,-8,-28,-39,-33,-35,-46,-8,-8,-8,-8,-8,-8,-8,-29992,-29993,-29996,0,-390,0,-29996,0,-645,-637,-29992,-29993,-29995,0]} 1. d4 Nf6 2. c4 e6 3. Nf3 Bb4+ 4. Bd2 Bxd2+ 5. Qxd2 O-O 6. Nc3 d6 7. g3 b6 8. Bg2 Bb7 9. d5 {E16: Queen's Indian: 4 g3 Bb7 5 Bg2 Bb4+.} e5 10. O-O a5 11. Nh4 {[#] White is slightly better.} Bc8 $146 ({Predecessor:} 11... Nbd7 12. b3 g6 13. e4 Nh5 14. Qh6 Ndf6 15. h3 Kh8 16. Ne2 Bc8 17. Qe3 Ng8 {½-½ (31) Costachi,M (2428)-Dicu,R (2284) Calimanesti Caciulata 2016}) 12. e4 Na6 13. h3 Nc5 14. Rae1 g6 15. b3 Nh5 16. Kh2 Kg7 17. Ne2 Kh8 18. Qe3 Bd7 19. Nc3 Qf6 (19... Nf4 $5) 20. Bf3 Nf4 {[%cal Od7h3]} 21. Bg4 $1 Bxg4 $1 22. hxg4 Qg5 $1 23. f3 {[#]} (23. Nf3 $11 Qxg4 24. gxf4 exf4 25. Qd4+ f6 26. Qd1) 23... h5 $2 {[#] Black is more active.} 24. Ng2 (24. Rh1 $1 $16) 24... hxg4 $11 {Threatens to win with ...Qh5+.} 25. Nxf4 ({Much weaker is} 25. gxf4 Qh6+ 26. Kg3 (26. Kg1 $2 g3 $19) 26... Qh3+ 27. Kf2 g3+ 28. Ke2 Qxg2+ 29. Kd1 exf4 30. Qxf4 Kg7 $11) 25... exf4 26. Qxf4 Qh5+ 27. Kg1 {Threatening Re2.} Nd3 {[%cal Bc5d3,Bd3e5,Be5g4][%mdl 32]} 28. Qf6+ Kg8 29. Re2 Qe5 $1 {Dancing on a razor blade.} (29... Qh3 $2 30. Rh2 $18) 30. Qxe5 Nxe5 31. fxg4 Nxg4 32. Nb5 Rac8 33. Na7 Rce8 34. Nc6 Kg7 35. Rf4 (35. Kg2 {seems wilder.} Rh8 36. Rfe1 Rh7 37. Kf3 Ne5+ 38. Nxe5 Rxe5 39. Kg4) 35... Ne5 36. Nxe5 Rxe5 $15 {[%mdl 4096] Endgame KRR-KRR} 37. Kg2 Rfe8 38. Kf3 {[#]} (38. Kf2 $15) 38... R8e7 $2 (38... g5 $1 $19 {[%cal Rg5f4]} 39. Rf5 Rxf5+ 40. exf5 g4+ 41. Kf2 Rxe2+ 42. Kxe2 Kf6) 39. Rh2 Re8 (39... g5 $5 {[%cal Rg5f4]} 40. Rf5 Rxe4 41. Rxg5+ Kf6 $15) 40. Rfh4 Kf6 41. Rf4+ Kg7 42. Rfh4 f5 {[%cal Re5e4]} 43. exf5 Rxf5+ 44. Rf4 Rfe5 45. Rfh4 Re3+ 46. Kf2 Kf6 {[%cal Oa5a4]} 47. Rf4+ Kg5 48. Kg2 Re2+ 49. Rf2 a4 {White must now prevent ...a3.} 50. Rh7 $1 a3 {Strongly threatening ...Rb2.} 51. Rxc7 Rb2 {( -> ...Rf8)} 52. Rc6 $2 {[%mdl 8192]} (52. Rcf7 $11) 52... Rf8 53. Rc7 Re8 $2 (53... Rbxf2+ 54. Kg1 Rf1+ 55. Kg2 R8f2+ 56. Kh3 Rh1#) 54. Rd7 $2 {[%mdl 8192]} (54. Rc6 $11 {and White stays safe.}) 54... Rf8 $2 (54... Ree2 $19 55. Rxe2 Rxe2+ 56. Kf3 Rxa2) 55. Rc7 $1 Re8 $2 (55... Rbxf2+ 56. Kg1 Rf1+ 57. Kg2 R8f2+ 58. Kh3 Rh1#) 56. Kf1 $2 {[%mdl 8192]} (56. Rc6 $11) 56... Rh8 $19 {Hoping for ...Rh1+.} 57. Kg2 {Inhibits Rh1.} Rf8 {Prevents Rcf7.} 58. Kg1 Rh8 $2 {[%mdl 32768] Weighted Error Value: White=0.62/Black=0.42. Loss on time!?} (58... Rbxf2 {mates} 59. g4 Kxg4 60. Rf7 R8xf7 61. Kh1 Rf1+ 62. Kh2 R7f2#) 0-1